000 01224cam a2200337 a 4500
999 _c128320
_d128320
001 2322803
003 ARRUPE
005 20181008112007.0
008 820213s1980 enk b 000 0 eng
010 _a 81169351
015 _aGB***
020 _a0904759393 (pbk.) :
_c£1.20
040 _aDLC
_cDLC
_dDLC
043 _af-sa---
050 0 0 _aDT779.952
_b.S44
082 0 0 _a323.1/1968
_219
100 1 _aSeidman, Judy.
_942779
245 1 0 _aFace-lift apartheid :
_bSouth Africa after Soweto /
_cby Judy Seidman.
260 _aLondon :
_bInternational Defence and Aid Fund for Southern Africa,
_c1980.
300 _a87 p. ;
_c21 cm.
504 _aIncludes bibliographical references.
650 0 _aBlacks
_zSouth Africa
_xPolitics and government.
_99420
650 0 _aBlacks
_zSouth Africa
_xEconomic conditions.
_942780
650 0 _aBlacks
_zSouth Africa
_xSocial conditions.
_942781
650 0 _aRiots
_zSouth Africa
_zSoweto.
_939517
651 0 _aSouth Africa
_xPolitics and government
_y1978-
_913375
651 0 _aSouth Africa
_xRace relations.
_942782
906 _a7
_bcbc
_corignew
_d3
_encip
_f19
_gy-gencatlg
942 _2lcc
_cMONOGRAPH